000 00623nam a2200229Ia 4500
003 OSt
005 20221007065417.0
006 a|||||r|||| 00| 0
007 ta
008 221006b |||||||| |||| 00| 0 eng d
024 _a28,401
037 _cTextual
040 _aFLL
_cFLL
_beng
041 _2eng
_aeng
082 _aZ73:805, L2
100 _aCasper Jonathan D.
_9686959
245 0 _aAmerican criminal justice
260 _aEnglewood
_bCliffs Prentice-Hall, Inc., N.J.
_c1972
300 _axiv,178p
_ccm.
942 _hZ73:805, L2
_cTEXL
_2CC
999 _c1137222
_d1137222